|
|
|
|
| LEADER |
00000nam a2200000 4500 |
| 001 |
vtls012070209 |
| 003 |
SK-MaSNL |
| 005 |
20260301104207.0 |
| 008 |
210923s2020 xo l frn 000 0 eng |
| 015 |
|
|
|a SNBA2021/12
|
| 020 |
|
|
|a 9788089926121
|q (brožované)
|
| 040 |
|
|
|a SNK
|b slo
|c SNK
|e rda
|
| 041 |
0 |
|
|a eng
|a ukr
|
| 043 |
|
|
|a e-un---
|
| 044 |
|
|
|a xo
|c SK
|
| 072 |
|
7 |
|a 34
|x Právo
|2 konspekt
|
| 080 |
|
|
|a (048.8:082)
|2 2011
|
| 080 |
|
|
|a 316.42
|2 2011
|
| 080 |
|
|
|a (477)
|2 2011
|
| 080 |
|
|
|a 34
|2 2011
|
| 245 |
0 |
0 |
|a Legal system of Ukraine under the conditions of society transformation
|b collective monograph
|c edited by Iryna Sopilko
|
| 246 |
3 |
1 |
|a Pravova systema Ukrajiny v umovach tranformaciji suspil'stva
|
| 264 |
|
1 |
|a Podhájska
|b European institute of further education
|c 2020
|
| 300 |
|
|
|a 204 strán
|b schémy, tabuľky
|c 21 cm
|
| 336 |
|
|
|a text
|b txt
|2 rdacontent
|
| 337 |
|
|
|a bez média
|b n
|2 rdamedia
|
| 338 |
|
|
|a zväzok
|b nc
|2 rdacarrier
|
| 366 |
|
|
|e 300 kusov
|
| 500 |
|
|
|a Obsahuje zoznam autorov
|
| 504 |
|
|
|a Obsahuje bibliografické odkazy
|
| 546 |
|
|
|a Čiastočný text v ukrajinčine. Súbežná tiráž v ukrajinčine
|
| 650 |
0 |
7 |
|a spoločenská transformácia
|2 SNKPH
|9 1584
|
| 650 |
0 |
7 |
|a Social transformation
|2 SNKPHeng
|9 117238
|
| 650 |
0 |
7 |
|a právo
|2 SNKPH
|9 976
|
| 650 |
0 |
7 |
|a Law
|2 SNKPHeng
|9 265417
|
| 651 |
|
7 |
|a Ukrajina
|2 SNKPHgeo
|9 168045
|
| 651 |
|
7 |
|a Ukraine
|2 SNKPHeng
|9 266376
|
| 655 |
|
7 |
|a kolektívne monografie
|2 SNKPH
|9 249850
|
| 655 |
|
7 |
|a Collective monographs
|2 SNKPHeng
|9 125747
|
| 700 |
1 |
|
|a Sopilko, Iryna
|4 edt
|9 161242
|
| 919 |
|
|
|a 978-80-89926-12-1
|
| 958 |
|
|
|a NB
|
| 999 |
|
|
|c 697472
|d 699402
|
| 952 |
|
|
|a SNK
|b SNK
|y PREZ
|7 0
|p 17A1459396
|o snkSC 194402
|i snk2021/13577
|8 0
|0 0
|1 0
|4 0
|d 2021-09-23
|f 1
|l 0
|r 2025-10-14 00:00:00
|w 2026-02-23
|
| 952 |
|
|
|a SNK
|b SNK
|y VYP
|7 0
|p 17A1459397
|o snkSC 194402 D1
|i snk2021/13578
|8 0
|0 0
|1 0
|4 0
|d 2021-09-23
|l 0
|r 2026-02-23 20:46:42
|w 2026-02-23
|